| 000 | 00571nam a22001817a 4500 | ||
|---|---|---|---|
| 005 | 20251108165014.0 | ||
| 008 | 250721s1992 xx 000 0 ara d | ||
| 082 | 1 | 4 | _a658.5/محم |
| 100 | 1 | _aماضي، محمد توفيق | |
| 245 | 1 | 0 | _aالأساليب الكمية في مجال إدارة الإنتاج و العمليات / |
| 264 |
_bالمكتب العربي الحديث، _c1992. |
||
| 300 | _a234ص | ||
| 650 | 1 | 7 | _aإدارة الإنتاج |
| 650 | 1 | 7 | _aالإدارة |
| 650 | 1 | 7 | _aتقنيات الإدارة |
| 942 |
_2ddc _cBK |
||
| 999 |
_c19690 _d19690 |
||